02449nam a2200397 a 4500001001200000003000800012006001900020007001500039008004100054010001700095020004300112020004400155020001500199020001500214020002700229040002100256035002100277050002300298100002100321245015300342260003800495300001700533504005100550505095900601533015201560650002401712650002201736650003401758650002001792650002701812650002101839655002901860710001701889856012601906999001902032ebr10481560CaPaEBRm u cr cn|||||||||101029s2010 nyu sb 001 0 eng d z 2010045758 z9780857289599 (hardcover : alk. paper) z9780857289803 (papercover : alk. paper) z0857289594 z0857289802 z9780857286543 (e-book) aCaPaEBRcCaPaEBR a(OCoLC)74195157814aHG229b.T67 2010eb1 aToporowski, Jan.10aWhy the world economy needs a financial crash and other critical essays on finance and financial economicsh[electronic resource] /cJan Toporowski. aNew York :bAnthem Press,cc2010. axiii, 143 p. aIncludes bibliographical references and index.0 aWhy the world economy needs a financial crash -- The economics of financial inflation -- Money in globalised times -- Neo-liberalism and international finance -- Better machines for financial inflation? the role of financial innovation -- The inflation of goodwill -- Leverage and balance sheet inflation -- Inflation in financial markets -- Asset inflation and deflation -- The culture of financial inflation -- Twentieth-century finance theory : the frauds of economic innocence (in memoriam J. K. Galbraith) -- Fischer Black's "revolution" -- Economic inequality and asset inflation -- The wisdom of property and the culture of the middle classes -- Financial crisis -- Everything you need to know about the financial crisis but couldn't find out because the experts were explaining it -- The limitations of financial stabilisation by central banks -- International business and the crisis -- Developing countries in the crisis transmission mechanism. aElectronic reproduction.bPalo Alto, Calif. :cebrary,d2011.nAvailable via World Wide Web.nAccess may be limited to ebrary affiliated libraries. 0aInflation (Finance) 0aFinancial crises. 0aCapital assets pricing model. 0aCapital market. 0aInternational finance. 0aBusiness cycles. 7aElectronic books.2local2 aebrary, Inc.40uhttp://site.ebrary.com/lib/rucke/Doc?id=10481560zAn electronic book accessible through the World Wide Web; click to view c118876d118876